000 00335nam a22001217a 4500
999 _c4759
_d4759
008 250320b ||||| |||| 00| 0 eng d
020 _a9781405221559
082 _a823.914 WIL
100 _aWILDSMITH,BRIAN
_eAUTHOR
245 _aJUNGLE PARTY
260 _a239 Kensington High Street,London W8 6SA
_bEgmont UK Limited
_c2006
942 _2ddc